Komparatívna analýza fondov tvorených v neziskových účtovných jednotkách diplomová práca

Saved in:
Bibliographic Details
Main Author: Demovičová, Diana
Corporate Author: Fakulta hospodárskej informatiky EU. Katedra účtovníctva a audítorstva
Other Authors: Kordošová, Alena, 1970-
Format: Book
Language:Slovak
Published: Bratislava 2020
Tags: Add Tag
No Tags, Be the first to tag this record!

MARC

LEADER 00000nbm a2200000 4500
001 0266806
005 20210430102133.6
041 0 |a slo 
044 |a SK 
245 1 0 |a Komparatívna analýza fondov tvorených v neziskových účtovných jednotkách  |b diplomová práca  |c Diana Demovičová ; školiteľ: Alena Kordošová 
264 1 |a Bratislava  |c 2020 
300 |a 67 s. 
100 1 |a Demovičová, Diana 
700 1 |a Kordošová, Alena, 1970- 
710 2 |a Fakulta hospodárskej informatiky EU. Katedra účtovníctva a audítorstva